UBT Library

Rrëndësia e trajnimit të punëtorëve në administratat punlike në Kosovë (Record no. 46119)

000 -LEADER
fixed length control field 00321nam a22001217a 4500
008 - FIXED-LENGTH DATA ELEMENTS--GENERAL INFORMATION
fixed length control field 180521b xxu||||| |||| 00| 0 eng d
041 ## - LANGUAGE CODE
Language code of text/sound track or separate title eng
080 ## - UNIVERSAL DECIMAL CLASSIFICATION NUMBER
Universal Decimal Classification number 043.3
100 ## - Rafti
Rafti 0
101 ## - Shkurtesa
Shkurtesa MBE-BTH
245 ## - TITLE STATEMENT
Title Rrëndësia e trajnimit të punëtorëve në administratat punlike në Kosovë
Statement of responsibility, etc Gagica,F
942 ## - ADDED ENTRY ELEMENTS (KOHA)
Source of classification or shelving scheme
Item type Books
Holdings
Withdrawn status Lost status Source of classification or shelving scheme Damaged status Not for loan Collection code Permanent location Current location Shelving location Date acquired Total Checkouts Full call number Barcode Date last seen Price effective from Koha item type
          Koleksioni i përgjithshem UBT - Lipjan UBT - Lipjan Disertacionet 05/21/2018   043.3 Gagica,F 2011 002-3009050 05/21/2018 05/21/2018 Books
          Koleksioni i përgjithshem UBT - Lipjan UBT - Lipjan Disertacionet 05/21/2018   043.3 Gagica,F 2011 002-3009056 05/21/2018 05/21/2018 Books
          Koleksioni i përgjithshem UBT - Lipjan UBT - Lipjan Disertacionet 05/21/2018   043.3 Gagica,F 2011 002-3009061 05/21/2018 05/21/2018 Books
          Koleksioni i përgjithshem UBT - Lipjan UBT - Lipjan Disertacionet 05/21/2018   043.3 Gagica,F 2011 002-3009066 05/21/2018 05/21/2018 Books
          Koleksioni i përgjithshem UBT - Lipjan UBT - Lipjan Disertacionet 05/21/2018   043.3 Gagica,F 2011 002-3009055 05/21/2018 05/21/2018 Books
UBT Library © 2015-2024. All rights reserved University Education for Business and Technology